Noches
Bewaard in:
| Hoofdauteur: | |
|---|---|
| Formaat: | Boek |
| Taal: | Spaans |
| Gepubliceerd in: |
Buenos Aires
Espasa Calpe
1950
|
| Reeks: | Colección Austral, 966
|
| Onderwerpen: | |
| Tags: |
Voeg label toe
Geen labels, Wees de eerste die dit record labelt!
|
MARC
| LEADER | 00000nam a2200000 a 4500 | ||
|---|---|---|---|
| 001 | UCU4910 | ||
| 003 | CL-VaPUC | ||
| 008 | 960531e19500000AG |||||||||||||||||spa|d | ||
| 082 | 0 | 4 | |a 851 |b TAS |2 21 |
| 100 | 0 | |a Tasso, Torquato |e author |9 338034 | |
| 245 | 1 | 0 | |a Noches |
| 300 | |a 146 p | ||
| 942 | |c BK | ||
| 945 | |d 19960531 00:00:00 |a rbrito | ||
| 260 | |a Buenos Aires |b Espasa Calpe |c 1950 | ||
| 650 | 0 | |a Poesías italianas |9 265352 | |
| 583 | |a last modification |c 19960531 00:00:00 |k Rodrigo Vera | ||
| 490 | 0 | |a Colección Austral, 966 | |
| 999 | |c 248438 |d 248436 | ||
| 952 | |0 0 |1 0 |4 0 |6 851_000000000000000_TAS_1950 |7 0 |8 A |9 265056 |a BIBEDU |b BIBEDU |d 2019-11-19 |i 3117502 |o 851 TAS 1950 |p 3117502 |r 2019-11-19 |w 2019-11-19 |y BK |k LIT | ||